مكتبة جامعة عجلون الوطنية

فهرس بحث المكتبة

Normal view MARC view
  • الفكر الاداري - الادارة التنفيذية

Entry Topical Term

Number of records used in: 1

001 - CONTROL NUMBER

  • control field: 53200

003 - CONTROL NUMBER IDENTIFIER

  • control field: JO-AjAnu

005 - DATE AND TIME OF LATEST TRANSACTION

  • control field: 20230606082735.0

008 - FIXED-LENGTH DATA ELEMENTS

  • fixed length control field: 230606|| aca||aabn | a|a d

040 ## - CATALOGING SOURCE

  • Original cataloging agency: JO-AjAnu
  • Transcribing agency: JO-AjAnu

150 ## - HEADING--TOPICAL TERM

  • Topical term or geographic name entry element: الفكر الاداري - الادارة التنفيذية

670 ## - SOURCE DATA FOUND

  • Source citation: Work cat.: (JO-AjAnu)27180: بحوث المؤتمر العلمي الدولي التاسع الإتجاهات الحديثة في الفكر الإداري والمالي, author 53199, بحوث المؤتمر العلمي الدولي التاسع الإتجاهات الحديثة في الفكر الإداري والمالي : إدارة المشاريع ( التحديات والآفاق ) 6-7 نيسان(ابريل) 2016